Missing Word: The Beatles Songs by Albums II Quiz Stats

 Plays Quiz Updated Mar 30, 2020

Support Sporcle.
Go Orange.
Score 0/24 Timer 04:00
2 Plays Today
% Correct
Standing
96.1%
Me
94.3%
Eight
93.6%
Helter
92.9%
Garden
83.1%
Man
81.9%
Silver
76.7%
Sun
73.7%
Sunshine
70.2%
Run
63.6%
Weight
61.8%
Follow
59%
% Correct
Bird
54.9%
Ask
54.1%
Looking
51.7%
Glass
49.9%
Doctor
46.6%
Pie
46.1%
Tired
40.8%
Loser
40.7%
Sleeping
38.9%
Doing
37.8%
Needed
34.2%
Place
33.2%

Today's Daily Dose

Word Ladder
GOT7 Songs

Quick Pick
Women Comedians

Get the Picture
Collectibles

From the Vault

Most Electoral College Votes (1904-2020)

by Extinctanimals22

History 2m
Spoiler: you might want to skip Wyoming.
Remove Ads.
Support Sporcle.
Get the best of Sporcle when you Go Orange. This ad-free experience offers more features, more stats, and more fun while also helping to support Sporcle. Thank you for becoming a member.

Show Comments

Extras

Top Quizzes Today


Score Distribution

Your Account Isn't Verified!

In order to create a playlist on Sporcle, you need to verify the email address you used during registration. Go to your Sporcle Settings to finish the process.

Report this User

Report this user for behavior that violates our Community Guidelines.

Details: